000 00326 a2200157 4500
001 48124
020 _a978855512749
040 _cAnchieta - Aquarius
100 _aHeine, Palmira
240 1 0 _aAmendoim
_lpor
245 1 0 _aAmendoim
300 _a19
362 0 _a2015
650 4 _aLiteratura infanto-juvenil
942 _cBK
999 _c48124
_d48124